Čo prináša veda a výskum pre "environmentálne zdravie"

Formovanie pojmu environmentálne zdravie. Programy a organizácie, ktoré zabezpečujú realizáciu vedeckovýskumných projektov zameraných na ochranu životného prostredia vo vzťahu k zdraviu.

Enregistré dans:
Détails bibliographiques
Auteur principal: Reichrtová, Eva
Format: Chapitre de livre
Langue:slovaque
Sujets:
Tags: Ajouter un tag
Pas de tags, Soyez le premier à ajouter un tag!

MARC

LEADER 00000naa a2200000 4500
001 r045800
005 20230928074404.6
041 0 |a slo 
044 |a SK 
245 1 0 |a Čo prináša veda a výskum pre "environmentálne zdravie"  |c Eva Reichrtová 
520 |a Formovanie pojmu environmentálne zdravie. Programy a organizácie, ktoré zabezpečujú realizáciu vedeckovýskumných projektov zameraných na ochranu životného prostredia vo vzťahu k zdraviu. 
610 2 0 |a environmentalistika 
610 2 0 |a zdravie 
610 2 0 |a prostredie životné 
610 2 0 |a programy výskumné 
610 2 0 |a veda 
610 2 0 |a výskum 
610 2 0 |a Slovensko 
610 2 0 |a Európska únia 
100 1 |a Reichrtová, Eva